000
00266nam a22001217a 4500
041
_a
ENG
100
_a
Mahindru.S,N
245
_a
Biodiesl The Future Fuel
260
_a
New Delhi
_b
APH Publishing
_c
2014
300
_a
219
650
_a
EOES
856
_u
EOES ( 39 )
999
_c
1307
_d
1307